01722 a2200217 450000100040000000500170000400800410002100300150006204000400007708000350011724500360015202000220018826400360021030000210024650510030026704100080127010000200127870000310129870000340132985601410136326120260407155417.0260407a1993 arg spa dAR-UNSa-BCEJYS aAR-UNSa-BCEJYSbspacAR-UNSa-BCEJYS a004.41xIngenieria de software10aAnálisis estructurado moderno a978-968-880-303-5 1aMéxico :bPrentice-Hallc1993 ax, 735 p.c23 cm a1. Introducción - 2. La naturaleza de los sistemas - 3. Los participantes en el juego de los sistemas - 4. Herramientas del análisis estructurado - 5. El ciclo de vida del proyecto - 6. Aspectos importantes en el desarrollo de sistemas - 7. Cambios en el análisis de sistemas - 8. Características de las herramientas de modelado - 9. Diagramas de flujo de datos - 10. El diccionario de datos - 11. Especificaciones de proceso - 12. Diagramas de entidad-relación - 13. Diagramas de transición de estados - 14. Balanceo de modelos - 15. Herramientas adicionales de modelado - 16. Herramientas de modelado para administración de proyectos - 17. El modelo esencial - 18. El modelo ambiental - 19. Construcción de un modelo preliminar de comportamiento - 20. Terminado del modelo de comportamiento - 21. El modelo de implantación del usuario - 22. Pasando al diseño - 23. Programación y prueba - 24. Mantenimiento de la especificación - 25. El futuro del análisis estructurado  aspa1 aYourdon, Edward1 aTaylor Armitage, Alexandra1 aLevine Gutiérrez, Guillermo41uhttps://biblioeco.unsa.edu.ar/pmb/images/libros/An?lisis estructurado moderno Yourdon, Edward (1993).jpgyImagen de portadaqimage/jpeg